Quizz sur les winx - Statistiques

Statistiques générales
  • Ce quiz a été pris 2 645 fois
  • Le résultat moyen est 13 sur 15
Statistiques - réponses
Question Réponse % Correct
Comment se nomment les trix ? Icy, darcy et stormy
98%
Qui est daphné ? La sœur de bloom
96%
Quel est le bon couple ? Riven et musa
96%
Qui est la fée des animaux ? Roxy
93%
De qui la princesse diaspro est-elle amoureuse ? Sky
91%
Qui sont les vrais parents de bloom ? Oritel et Marion
90%
Qui se faisait passé pour un prince dans la saison 1 ? Brandon
89%
Qui est le méchant principal dans la saison 3 ? Valtor
84%
Tecna meurt dans quelle saison ? Elle ne meurt pas
82%
Layla apparaît a partir de quelle saison ? Saison 2
81%
Qui est la dernière fée à obtenir le pouvoir enchantix ? Bloom
80%
Dans quelle saison bloom devient-elle méchante ? Saison 2
79%
Dans quelle saison les winx obtiennent-elles le pouvoir believix ? Saison 4
79%
Quel spécialiste se retrouve sous le charme d’un mauvais sort dans la saison 3 ? Sky
66%
Dans quelle saison bloom perd elle ses pouvoirs ? Saison 1
48%
Aucun quiz correspondant
Distribution des résultats
% des personnes avec chaque résultat
Percentile par nombre de réponses
Votre historique - résultats
Vous n’avez pas pris ce quiz